000 00735nam a2200253Ia 4500
003 OSt
005 20221005040024.0
006 a|||||r|||| 00| 0
007 ta
008 221004b |||||||| |||| 00| 0 urd d
020 _c100
024 _a24871
037 _b4626, 31/12/2015, Kitabi Duniya
_cTextual
040 _aCRL
_cCRL
_burd
041 _2urd
_aurd
082 _aO168,1N37:g, P4
100 _aHasan Bilqees Zefirul
_9588852
245 0 _aSholon ke darmiyan
260 _aDelhi
_bMeyaar Publications India
_c2004
300 _a160p.
_ccm.
650 _aURDU POETRY
942 _hO168,1N37:g, P4
_cTEXL
_2cc
999 _c946261
_d946261